Star Wars: Clone Officers - Statistics

General Stats
  • This quiz has been taken 172 times
    49 since last reset
  • The average score is 13 of 20
Answer Stats
Hint Answer % Correct
This clone led the 212th Attack Battalion Commander Cody
97%
This clone led the 332nd Company Commander Rex
92%
This clone led the 104th Battalion a.k.a the Wolf Pack Commander Wolffe
92%
This clone led Clone Force 99 Sergeant Hunter
89%
This clone led the Coruscant Guard and he killed ARC trooper Fives Commander Fox
87%
This clone led the 327th Star Corps Commander Bly
76%
This clone led the 501st Legion after the end of the war Commander Appo
74%
This clone led the 41st Elite Corps Commander Gree
74%
This clone was a commander in the Coruscant Guard but he was killed on Scipio Commander Thorn
71%
This clone trooper was a captain in the 332nd company until he died during the Battle of Mandalore Captain Vaughn
68%
This ARC trooper was a commander in Rancor Battalion until he was killed by Asajj Ventress during the Battle of Kamino Commander Colt
66%
This clone led the 91st Recon Corps Commander Neyo
61%
This clone led Delta Squad Boss
58%
This clone led the 125th Legion a.k.a. the Doom Legion Commander Doom
55%
This ARC trooper commander was in Rancor Battalion and he was killed during the Battle of Kamino after telling 99 he shouldn't be on the battlefield Commander Havoc
55%
This clone led the Galactic Marines Commander Bacara
53%
This ARC trooper with yellow markings on his armor was a commander in Rancor Battalion and during the Battle of Kamino he led a squad of ARF troopers Commander Blitz
47%
This ARF trooper commander served under jedi Halsey and he was killed by Savage Opress Commander Trauma
45%
This clone commander and his troopers were tasked with guarding a supply depot on an ice planet Commander Mayday
42%
This clone led a scuba battalion under jedi Kit Fisto Commander Monnk
32%
No matching quizzes found
Score Distribution
Percent of People with Each Score
Percentile by Number Answered
Your Score History
You have not taken this quiz since the last reset